LIBRARY & INFORMATION CENTRE, KCAET, TAVANUR

ONLINE PUBLIC ACCESS CATALOGUE (OPAC)

Normal view MARC view
  • Anwani, I M

Entry Personal Name

Number of records used in: 2

001 - CONTROL NUMBER

  • control field: 6533

003 - CONTROL NUMBER IDENTIFIER

  • control field: OSt

005 - DATE AND TIME OF LATEST TRANSACTION

  • control field: 20241223151135.0

008 - FIXED-LENGTH DATA ELEMENTS

  • fixed length control field: 241223|| aca||aabn | a|a d

040 ## - CATALOGING SOURCE

  • Original cataloging agency: OSt
  • Transcribing agency: OSt

100 ## - HEADING--PERSONAL NAME

  • Personal name: Anwani, I M

670 ## - SOURCE DATA FOUND

  • Source citation: Work cat.: (OSt)11041: Anwani, M L . 6532, Electrical motor winding and repair / , 1995.
free website counter